Materials used in Dentistry (Record no. 22677)

MARC details
000 -LEADER
fixed length control field 00379nam a22001697a 4500
003 - CONTROL NUMBER IDENTIFIER
control field SGT
020 ## - INTERNATIONAL STANDARD BOOK NUMBER
International Standard Book Number 9789387963818
082 ## - DEWEY DECIMAL CLASSIFICATION NUMBER
Classification number 617.695
Item number M19M
100 ## - MAIN ENTRY--PERSONAL NAME
Personal name Mahalaxmi, S.
245 ## - TITLE STATEMENT
Title Materials used in Dentistry
250 ## - EDITION STATEMENT
Edition statement 2nd
260 ## - PUBLICATION, DISTRIBUTION, ETC. (IMPRINT)
Name of publisher, distributor, etc Wolters Kluwer
Year of Publication 2019
300 ## - PAGE DESCRIPTION
No. of Pages 936
650 ## - SUBJECT ADDED ENTRY--TOPICAL TERM
Topical term or geographic name as entry element Dentistry
653 ## - KEYWORDS--INDEX TERM
Keyword term Dentistry; Dental Materials
942 ## - ADDED ENTRY ELEMENTS (KOHA)
Source of classification or shelving scheme Dewey Decimal Classification
Koha item type Books
942 ## - ADDED ENTRY ELEMENTS (KOHA)
-- 9
Holdings
Withdrawn status Lost status Source of classification or shelving scheme Damaged status Not for loan Home library Current library Date acquired Vendor Name Cost, normal purchase price SGTU Bill Number Total Checkouts Full call number Accession No. (Barcode) Date last seen Date last borrowed Bill Date Koha item type
    Dewey Decimal Classification     SGT Dental Library SGT Dental Library 30/04/2022 Ahuja Book Co. Pvt. Ltd. 1850.00 SGTU 14353 2 617.695 M19M FD8512 27/01/2025 27/01/2025 16/04/2022 Books
    Dewey Decimal Classification     SGT Dental Library SGT Dental Library 30/04/2022 Ahuja Book Co. Pvt. Ltd. 1850.00 SGTU 14353 4 617.695 M19M FD8513 24/01/2025 24/01/2025 16/04/2022 Books
    Dewey Decimal Classification     SGT Dental Library SGT Dental Library 30/04/2022 Ahuja Book Co. Pvt. Ltd. 1850.00 SGTU 14353 2 617.695 M19M FD8514 01/07/2025 18/06/2025 16/04/2022 Books
    Dewey Decimal Classification     SGT Dental Library SGT Dental Library 30/04/2022 Ahuja Book Co. Pvt. Ltd. 1850.00 SGTU 14353 3 617.695 M19M FD8515 04/08/2025 11/07/2025 16/04/2022 Books
    Dewey Decimal Classification     SGT Dental Library SGT Dental Library 30/04/2022 Ahuja Book Co. Pvt. Ltd. 1850.00 SGTU 14353   617.695 M19M FD8516 30/04/2022   16/04/2022 Books